00832nam a2200121Ia 4500008004100000041001200041245002100053260001400074440000600088500001100094510034900105650025600454231221s9999 xx 000 0 und d aEnglish 0aPC Quest (2001 - cNov, 2001 aI a#NAME? aTotal reorder, MP3 rage Audioedit deluxe Mplayman, Limewire and more, Visual Fx adobe after effect 5 Dreamsuite series 1 photomodeler lite 3.1. games, Partician 11, adrenix, Hard core 1 World of fighting 1.2 Age of empire11 Rip to MP3 S+ 10 system utilities, Perl editor XML@Wiz mobile internet toolkit win regi- stry guide Microsoft Speech SDK aTotal reorder, MP3 rage Audioedit deluxe Mplayman, Limewire and more, Visual Fx adobe after effect 5 Dreamsuite series 1 photomodeler lite 3.1. games, Partician 11, adrenix, Hard core 1 World of fighting 1.2 Age of empire11 Rip to MP3 S+ 10 system uti